Podnikové financie
Enregistré dans:
| Auteur principal: | |
|---|---|
| Format: | Livre |
| Langue: | slovaque |
| Publié: |
Bratislava :
Iura Edition,
2006
|
| Édition: | 5. vyd. |
| Collection: | Ekonómia
161. publ. |
| Sujets: | |
| Accès en ligne: | OBSAH |
| Tags: |
Pas de tags, Soyez le premier à ajouter un tag!
|
MARC
| LEADER | 00000nam a22000003a 4500 | ||
|---|---|---|---|
| 001 | stu120558 | ||
| 005 | 20150617225914.0 | ||
| 008 | 060613s2006----xo------------------slo-d | ||
| 020 | |a 80-8078-029-3 | ||
| 040 | |a STU |b slo | ||
| 041 | 0 | |a slo | |
| 044 | |a xo | ||
| 080 | |a 658.15(075.8) |7 stu_us_auth*stu2582 | ||
| 100 | 1 | |a Vlachynský, Karol |4 aut | |
| 245 | 1 | |a Podnikové financie | |
| 250 | |a 5. vyd. | ||
| 260 | |a Bratislava : |b Iura Edition, |c 2006 | ||
| 300 | |a 482 s |c 1 CD | ||
| 500 | |a CD obsahuje pomôcku na riešenie príkladov z vybraných kapitol | ||
| 650 | 7 | |a financie podnikové |2 stusub | |
| 830 | 0 | |a Ekonómia |v 161. publ. | |
| 856 | 4 | |a https://sweb.mtf.stuba.sk/obsahy/podnikove_financie_06.pdf |u https://sweb.mtf.stuba.sk/obsahy/podnikove_financie_06.pdf |3 OBSAH | |
| 996 | |b 284EK86800 |c E*86800 |l EE01 |s A |a 24 |w stu120558_0001 | ||
| 996 | |b 284EK86762 |c R*86762 |l RRUM |s A |a 24 |w stu120558_0002 | ||
| 996 | |b 284M073426 |c M*11934-2 |l MMKN |s A |a 24 |w stu120558_0003 | ||
| 996 | |b 284M073428 |c M*11934-4 |l MMKN |s A |a 24 |w stu120558_0004 | ||
| 996 | |b 284M073427 |c M*11934-3 |l MMKN |s A |a 24 |w stu120558_0005 | ||
| 996 | |b 284M073429 |c M*CD-867 |l MMKN |s A |a 24 |w stu120558_0006 | ||
| 996 | |b 284M073430 |c M*CD-868 |l MMKN |s A |a 24 |w stu120558_0007 | ||
| 996 | |b 284M073431 |c M*CD-869 |l MMKN |s A |a 24 |w stu120558_0008 | ||
| 996 | |b 284M073379 |c M*11934-1 |l MMKN |s A |a 24 |w stu120558_0009 | ||
| 996 | |b 284M073380 |c M*CD-866 |l MMKN |s A |a 24 |w stu120558_0010 | ||